000 00427nam a2200193Ia 4500
003 0100
008 130303s9999 xx 000 0 und d
040 _cARRUPELIB
050 _aLB875.D461962
100 _aDewey, John
245 _aSchools of Tomorrow
260 _aNY
260 _bE.P. Dutton Company Inc
260 _C1962
300 _a226p
650 _bSein und Zeit
650 _cBeing and time
942 0 0 _01
999 _c44720
_d44720